Central Library OPAC University of Rajshahi

Principles of electricity : (Record no. 71961)

MARC details
000 -LEADER
fixed length control field 00822nam a2200253 a 4500
001 - CONTROL NUMBER
control field 71961
003 - CONTROL NUMBER IDENTIFIER
rucl marc code BD-RjUL
005 - DATE AND TIME OF LATEST TRANSACTION
control field 20250827105821.0
008 - FIXED-LENGTH DATA ELEMENTS--GENERAL INFORMATION
fixed length control field 170511s1958 nyua 001 0 eng
035 ## - SYSTEM CONTROL NUMBER
System control number (BD-RjUL)72177
040 ## - CATALOGING SOURCE
Original cataloging agency ANL
Language of cataloging eng
Transcribing agency BD-RjUL
Modifying agency ANL
041 ## - LANGUAGE CODE
Language code of text/sound track or separate title eng
082 04 - DEWEY DECIMAL CLASSIFICATION NUMBER
Classification number 537
Edition number 23
Author mark and year PAP 1958
100 1# - MAIN ENTRY--PERSONAL NAME
Personal name Page, Leigh,
Dates associated with a name 1884-
9 (RLIN) 156520
245 10 - TITLE STATEMENT
Title Principles of electricity :
Remainder of title an intermediate text in electricity and magnetism /
Statement of responsibility, etc. by Leigh Page and Norman Ilsley Adams, Jr.
250 ## - EDITION STATEMENT
Edition statement 3rd ed.
260 ## - PUBLICATION, DISTRIBUTION, ETC. (IMPRINT)
Place of publication, distribution, etc. London;
-- New York :
Name of publisher, distributor, etc. D. Van Nostrand Co.,
Date of publication, distribution, etc. c1958,1956
300 ## - PHYSICAL DESCRIPTION
Pagination xiii, 619 p. :
Illustrations ill. ;
Size 23 cm.
490 ## - SERIES STATEMENT
Series statement University physics series
650 #0 - SUBJECT ADDED ENTRY--TOPICAL TERM
Topical term or geographic name as entry element Electricity.
9 (RLIN) 212839
Topical term or geographic name as entry element Electromagnetism.
9 (RLIN) 118530
700 1# - ADDED ENTRY--PERSONAL NAME
Personal name Adams, Norman Ilsley,
Dates associated with a name 1895-
942 ## - ADDED ENTRY ELEMENTS (KOHA)
Source of classification or shelving scheme Dewey Decimal Classification
Koha item type Books
Holdings
Lost status Source of classification or shelving scheme Damaged status Not for loan Collection code Permanent Location Current Location Shelving location Date acquired Source of acquisition Cost, normal purchase price Total Checkouts Full call number Date last seen Copy number Koha item type
  Dewey Decimal Classification   Not For Loan Non-fiction Central Library, University of Rajshahi Central Library, University of Rajshahi Reading Room 24/01/1962 B.H.Black Well 5.12   537 PAP 1958 29/05/2017 C-1 Books
  Dewey Decimal Classification     Non-fiction Central Library, University of Rajshahi Central Library, University of Rajshahi General Stacks 24/02/1958 Mahud Brothors 36.60   537 PAP 1958 27/08/2025 C-2 Books